Compendio de retórica y poética : ó nociones elementales de literatura /
Bewaard in:
| Hoofdauteur: | |
|---|---|
| Formaat: | Boek |
| Taal: | Spaans |
| Onderwerpen: | |
| Tags: |
Geen labels, Wees de eerste die dit record labelt!
|
MARC
| LEADER | 00000nam^a2200000^a^4500 | ||
|---|---|---|---|
| 001 | 000156719 | ||
| 005 | 20250526000000.0 | ||
| 009 | 20260310100514.824 | ||
| 037 | |a Acervo ITESO - Biblioteca | ||
| 041 | |a ESP | ||
| 082 | |a 809. 1 |b COL | ||
| 100 | |a Coll y Vehí, José. |e (autor) | ||
| 245 | 1 | 0 | |a Compendio de retórica y poética : |b ó nociones elementales de literatura / |c J. Coll y Vehí. |
| 264 | |a Barcelona, España : |b Imprenta Barcelonesa, |c 1886 | ||
| 300 | |a 195 p. ; |c 17.5 cm. | ||
| 649 | |a XX | ||
| 650 | |a Poesía - |x Historia y Crítica | ||
| 650 | |a Retórica | ||
| 650 | |a Lenguaje y Pensamiento | ||
| 650 | |a Debates y el Arte de Discutir | ||
| 650 | |a Elocución y Elocuencia | ||
| 650 | |a Estilo Literario - |x Historia y Crítica | ||
| 650 | |a Persuasión | ||
| 650 | |a Comunicación Oral | ||
| 650 | |a Literatura - |x Historia y Crítica | ||
| 910 | |a Fondo Salvador Reynoso Reynoso | ||
| 920 | |a Impresos - Libros | ||
| 930 | |a Libros Antiguos y Raros | ||
| 940 | |a Literatura | ||
| 905 | |a 108 | ||
| 901 | |a 0800016243 |b IT2 |c LRA |u 20250526 | ||
| 902 | |a https://opac.biblio.iteso.mx/vufind/Record/000156719 | ||